Инвестиционный процесс в развивающихся странах

Podrobná bibliografie
Hlavní autor: Черевик Е. Д. Евгений Дмитриевич
Shrnutí:Исключено из фонда НТБ ТПУ
Jazyk:ruština
Vydáno: Москва, Изд-во Ун-та дружбы народов, 1988
Médium: MixedMaterials Kniha
KOHA link:https://koha.lib.tpu.ru/cgi-bin/koha/opac-detail.pl?biblionumber=264670

MARC

LEADER 00000nam0a2200000 4500
001 264670
005 20231031222844.0
010 |a 5209000079 
035 |a (RuTPU)RU\TPU\book\287667 
090 |a 264670 
100 |a 20140620d1988 k y0rusy50 ca 
101 0 |a rus 
102 |a RU 
105 |a y z 001zy 
200 1 |a Инвестиционный процесс в развивающихся странах  |f Е. Д. Черевик 
210 |a Москва  |c Изд-во Ун-та дружбы народов  |d 1988 
215 |a 148 с. 
333 |a Исключено из фонда НТБ ТПУ 
700 1 |a Черевик  |b Е. Д.  |g Евгений Дмитриевич 
801 1 |a RU  |b 63413507  |c 20140620 
801 2 |a RU  |b 63413507  |c 20220413  |g RCR 
942 |c BK